03943nam a2200301Ia 4500008004100000040001800041041000800059100004100067242033600108245028900444246033300733260013801066300007601204500002701280500053801307500118801845504002203033505009103055505011503146505011603261506002203377546002203399650005303421650001803474650005403492650004303546650005203589130821s1644 it gr lat  aCo-BoUCMbspa0 alat1 aCyriacus, Franciscus Nigerdfl. 162900aLibro Primero [cuarto] de las Controversias forenses de Francisco Nigri Cyriaci. En él, además de materias juzgadas y de casos más frecuentes se incluyen conceptos comunes aceptados comúnmente en todas partes. Se le incorporaron algunas sentencias inéditas de la Rota Romana. Con índices de temas y de materiasyspa10aFrancisci Nigri Cyriaci ... Controversiarum forensium liber primus [quartus]: in quo ultra rerum iudicatarum casus frequentes & communes opiniones ubique obseruatas accesserunt decisiones aliquae Rotae Romanae nondum impressae: cum summariis et argumentorum ac materiarum índice ...13a[Libro Primero [cuarto] de las Controversias forenses de Francisco Nigri Cyriaci. En él, además de materias juzgadas y de casos más frecuentes se incluyen conceptos comunes aceptados comúnmente en todas partes. Se le incorporaron algunas sentencias inéditas de la Rota Romana. Con índices de temas y de materias] aVenecia (Italia)bApud Haeredes Thomas Iuntas, et Franciscum Baba [Herederos de Tomás Giunta y Francisco Baba]c[fecha desconocida] a3 volúmenes[[152], 784 ; [149] ; 769, [2] ; [10], 436, [148 páginas aColección incompleta aDetalles físicos: Encuadernación rígida en pergamino (a la romana) en cartón blando y delgado, deteriorado en el lomo y en una esquina. Guardas. Anteportada. Portadas impresa a dos tintas con un grabado (emblema de los editores representando la flor de lis). Texto bien impreso en dos columnas con caracteres romanos, sobre papel bueno. Algunas mayúsculas capitales buenas al comienzo (Dedicatoria) y elementales a lo largo del texto. Remates. Párrafos numerados. Reclamos y Signaturas. Cantos pintados en rojo. aOtros detalles: V.1 en la portada varias anotaciones: "Es del Colegio Mayor de Nuestra Señora del Rosario del Real Patronato. Doctor Villamizar". Y tres sellos de tinta en los que se lee: "El Colegio de Nuestra Señora del Rosario", "Del Colegio de Ntra. Sra. Del Rosario" y "Colegio Mayor del Rosario". También en la portada, varias "llamadas" a fijarse en el folio 188. P. 188 anotación "Colegio del Rosario" otra anotación en p. 134. V.2: en la portada anotación "Es del Colegio Mayor del Rosario del Real Patronato de Santa Fe de Bogotá. Doctor Romana". Y dos sellos de tinta en los que se lee: "Del Colegio de Ntra. Sra. Del Rosario" y "Colegio Mayor del Rosario". En pág. 1 "Es del Colegio Real Mayor de Nuestra Señora del Rosario del Real Patronato" y en pág. 60: Es del Colegio Mayor de Nuestra Señora del Rosario del Real Patronato". V.4 En guardas dibujos, en portada varias anotaciones: "De Don Gabriel Álvarez de Velasco". Otra "Soy del Colegio Mayor de Nuestra Señora del Rosario". Y tres sellos de tinta en los que se lee: "El Colegio de Nuestra Señora del Rosario", "Del Colegio de Ntra. Sra. Del Rosario" y "Colegio Mayor del Rosario". aIncluye índice.0 aV.1: Doscientas controversias forenses, relacionadas con diferentes temas del derecho.0 aV.2: Ciento noventa y nueve controversias forenses, relacionadas con diferentes temas del derecho: CCI - CCC.0 aV.4: Ciento sesenta y nueve controversias forenses, relacionadas con diferentes temas del derecho: DLI - DCCXX. aConsulta en sala. aTexto en latín.04aAbogadosxDerecho civilxObras anteriores a 170004aDerecho civil04aDerecho civilxConceptosxObras anteriores a 170004aDerecho civilxObras anteriores a 170004aDerecho eclesiásticoxObras anteriores a 1700